Films français se déroulant pendant l'Occupation en images - Statistiques

Statistiques générales
  • Ce quiz a été pris 69 fois
  • Le résultat moyen est 7 sur 16
Statistiques - réponses
Par images Réponse % Correct
La Grande Vadrouille
92%
Belle et Sébastien
84%
Papy fait de la résistance
79%
La Traversée de Paris
60%
Mais où est donc passée la septième compagnie ?
60%
Le Vieux Fusil
51%
Monsieur Batignole
49%
La Rafle
46%
L'Armée des ombres
37%
La Folle Histoire de Max et Léon
35%
Le Dernier Métro
33%
Monsieur Klein
33%
Un sac de billes
33%
Le Mur de l'Atlantique
27%
Effroyables Jardins
19%
Les Égarés
8%
Aucun quiz correspondant
Distribution des résultats
% des personnes avec chaque résultat
Percentile par nombre de réponses
Votre historique - résultats
Vous n’avez pas pris ce quiz